Теория систем и системный анализ (Запись № 13674398)
[ простой вид ]
| 000 -МАРКЕР | |
|---|---|
| контрольное поле | 02373nam0a2200373 4500 |
| 001 - ИДЕНТИФИКАТОР ЗАПИСИ | |
| контрольное поле | RU\NLR\BIBL_A\022559170 |
| 005 - ИДЕНТИФИКАТОР ВЕРСИИ | |
| контрольное поле | 20260420045420.0 |
| 010 ## - МЕЖДУНАРОДНЫЙ СТАНДАРТНЫЙ НОМЕР КНИГИ (ISBN) | |
| Номер (ISBN) | 978-5-7972-3206-3 |
| Тираж | 500 |
| 021 ## - НОМЕР ГОСУДАРСТВЕННОЙ РЕГИСТРАЦИИ | |
| Код страны | Российская Федерация |
| Номер | КН-П-25-022706 |
| Номер Листа государственной регистраци | КН-П-25-2289 |
| 035 ## - ДРУГИЕ СИСТЕМНЫЕ НОМЕРА | |
| Идентификатор записи | (NLR Aleph) 022559170 |
| 100 ## - ДАННЫЕ ОБЩЕЙ ОБРАБОТКИ | |
| Данные общей обработки | 20250604d2023 u y0rusy50 ca |
| 101 0# - ЯЗЫК РЕСУРСА | |
| Язык текста, звукозаписи и т.д. | русский |
| 102 ## - СТРАНА ПУБЛИКАЦИИ ИЛИ ПРОИЗВОДСТВА | |
| Страна публикации | Российская Федерация |
| 105 ## - ПОЛЕ КОДИРОВАННЫХ ДАННЫХ: ТЕКСТОВЫЕ МАТЕРИАЛЫ, МОНОГРАФИЧЕСКИЕ | |
| Кодированные данные о монографическом текстовом документе | a j 000yy |
| 181 #0 - ПОЛЕ КОДИРОВАННЫХ ДАННЫХ: ВИД СОДЕРЖАНИЯ | |
| Код вида содержания (ISBD) | i3 |
| Код характеристики содержания (ISBD) | axxe |
| 182 #0 - ПОЛЕ КОДИРОВАННЫХ ДАННЫХ: ТИП СРЕДСТВА | |
| Код типа средства (ISBD) | n - непосредственное |
| 200 1# - ЗАГЛАВИЕ И СВЕДЕНИЯ ОБ ОТВЕТСТВЕННОСТИ | |
| Основное заглавие | Теория систем и системный анализ |
| Сведения, относящиеся к заглавию | учебное пособие |
| -- | для студентов высших учебных заведений, обучающихся по направлениям 01.03.05 "Статистика", 38.03.01 "Экономика", 38.03.06 "Торговое дело", 45.03.02 "Лингвистика" |
| Первые сведения об ответственности | [Синявская Татьяна Геннадьевна, Рудяга Анна Альбертовна, Федосова Оксана Николаевна и др.] |
| Последующие сведения об ответственности | Министерство науки и высшего образования Российской Федерации, ФГБОУ ВО "Ростовский государственный экономический университет (РИНХ)" |
| 203 ## - ВИД СОДЕРЖАНИЯ И ТИП СРЕДСТВА | |
| Вид содержания | Текст |
| Дополнительные сведения об издании | визуальный |
| Тип средства | непосредственный |
| 210 ## - ПУБЛИКАЦИЯ, РАСПРОСТРАНЕНИЕ И ДР. | |
| Место издания, распространения и т.д. | Ростов-на-Дону |
| Имя издателя, распространителя и т. д. | издательско-полиграфический комплекс РГЭУ (РИНХ) |
| Дата издания, распространения и т.д. | 2023 |
| 215 ## - ФИЗИЧЕСКАЯ ХАРАКТЕРИСТИКА | |
| Специфическое обозначение материала и объем | 79 с. |
| Другие сведения о физической характеристике | ил. |
| Размеры | 21 |
| 300 ## - ОБЩИЕ ПРИМЕЧАНИЯ | |
| Текст примечания | Авт. указаны в вып. дан. |
| 320 ## - ПРИМЕЧАНИЯ О НАЛИЧИИ В ДОКУМЕНТЕ БИБЛИОГРАФИИ / УКАЗАТЕЛЯ | |
| Текст примечания | Библиогр.: с. 78-79 (13 назв.) |
| 606 1# - НАИМЕНОВАНИЕ ТЕМЫ КАК ПРЕДМЕТ | |
| Наименование темы | Экономика |
| Формальный подзаголовок | Учебные издания для высших учебных заведений |
| Тематический подзаголовок | Системный анализ |
| Системный номер авторитетной/нормативной записи | 2190389 |
| Идентификатор авторитетной/нормативной записи | RU\NLR\AUTH\661316735 |
| 686 1# - ИНДЕКСЫ ДРУГИХ КЛАССИФИКАЦИЙ | |
| Индекс | У.в611я73 |
| 701 #1 - ИМЯ ЛИЦА - АЛЬТЕРНАТИВНАЯ ОТВЕТСТВЕННОСТЬ | |
| Начальный элемент ввода | Синявская |
| Часть имени, кроме начального элемента ввода | Т. Г. |
| Расширение инициалов личного имени | Татьяна Геннадьевна |
| 701 #1 - ИМЯ ЛИЦА - АЛЬТЕРНАТИВНАЯ ОТВЕТСТВЕННОСТЬ | |
| Начальный элемент ввода | Рудяга |
| Часть имени, кроме начального элемента ввода | А. А. |
| Расширение инициалов личного имени | Анна Альбертовна |
| 701 #1 - ИМЯ ЛИЦА - АЛЬТЕРНАТИВНАЯ ОТВЕТСТВЕННОСТЬ | |
| Начальный элемент ввода | Федосова |
| Часть имени, кроме начального элемента ввода | О. Н. |
| Расширение инициалов личного имени | Оксана Николаевна |
| 712 02 - НАИМЕНОВАНИЕ ОРГАНИЗАЦИИ - ВТОРИЧНАЯ ОТВЕТСТВЕННОСТЬ | |
| Код отношения | Издающая организация |
| Начальный элемент ввода | Ростовский государственный экономический университет |
| Идентифицирующий признак | Ростов-на-Дону |
| Системный номер авторитетной/нормативной записи | 561061 |
| Идентификатор авторитетной/нормативной записи | RU\NLR\AUTH\8810031209 |
| 942 ## - ДОПОЛНИТЕЛЬНЫЕ ЭЛЕМЕНТЫ ЗАПИСИ (АБИС) | |
| Тип экземпляра АБИС | Книга |
| 980 ## - КОЛЛЕКЦИЯ | |
| Название коллекции | Национальная библиография |
Нет доступных экземпляров.